Detalles MARC
| 000 -LEADER |
| fixed length control field |
02742nam a22002777a 4500 |
| 003 - CONTROL NUMBER IDENTIFIER |
| control field |
OSt |
| 005 - DATE AND TIME OF LATEST TRANSACTION |
| control field |
20210215154847.0 |
| 008 - FIXED-LENGTH DATA ELEMENTS--GENERAL INFORMATION |
| fixed length control field |
210215s2016 ck ao||gr|||| 00| 0 spa d |
| 020 ## - INTERNATIONAL STANDARD BOOK NUMBER |
| International Standard Book Number |
9789585820524 (tomo cuanto) |
| 040 ## - CATALOGING SOURCE |
| Original cataloging agency |
CO-JMCR |
| Transcribing agency |
CO-JMCR |
| 041 0# - LANGUAGE CODE |
| Language code of text/sound track or separate title |
spa |
| 082 04 - DEWEY DECIMAL CLASSIFICATION NUMBER |
| Classification number |
581.9861 / |
| Item number |
N677s |
| Edition number |
23 |
| 100 1# - MAIN ENTRY--PERSONAL NAME |
| Personal name |
Nieto, Patricia, |
| Relator term |
autora |
| 9 (RLIN) |
13463 |
| 245 ## - TITLE STATEMENT |
| Title |
Savia Oriente : |
| Remainder of title |
inventario botánico de Colombia / |
| Statement of responsibility, etc. |
Patricia Nieto, Fernando Quiroz, Óscar Hernando Ocampo, [y otros 9] |
| 260 ## - PUBLICATION, DISTRIBUTION, ETC. |
| Place of publication, distribution, etc. |
Medellín, Colombia : |
| Name of publisher, distributor, etc. |
Grupo Argos, |
| Date of publication, distribution, etc. |
2016 |
| 300 ## - PHYSICAL DESCRIPTION |
| Extent |
178 páginas : |
| Other physical details |
ilustraciones, fotografías a color ; |
| Dimensions |
29 cm. |
| 490 0# - SERIES STATEMENT |
| Series statement |
Colección Savia |
| 500 ## - GENERAL NOTE |
| General note |
Tomo cuatro de cinco, Incluye índice de fotografías, imágenes y onomástico |
| 504 ## - BIBLIOGRAPHY, ETC. NOTE |
| Bibliography, etc. note |
Bibliografía : páginas 154-163. |
| 505 ## - FORMATTED CONTENTS NOTE |
| Title |
Oración por el agua / |
| Statement of responsibility |
Grupo Argos -- |
| Title |
Perfil oriente: la estrella del oriente / |
| Statement of responsibility |
Héctor Rincón -- |
| Title |
Región oriente : mapa de la región del oriente / |
| Statement of responsibility |
Alejandra García Restrepo -- |
| Title |
Chicamocha : señor del sol y de la lluvia / |
| Statement of responsibility |
Patricia Nieto -- |
| Title |
Jardín Botánico de Florida Blanca : el jardín con río / |
| Statement of responsibility |
Ana María Cano -- |
| Title |
Perfiles : el sabio de Van der Hammen / |
| Statement of responsibility |
Ana María Cano -- |
| Title |
Tres plantas simbólicas de la región : emblemáticas / |
| Statement of responsibility |
Eulalia de Valdenebro -- |
| Title |
Cocina : los sabores aldeanos / |
| Statement of responsibility |
Ana Cristina Restrepo Jiménez -- |
| Title |
Medicinales : infusiones y baños místicos / |
| Statement of responsibility |
Angelica María Cuevas -- |
| Title |
Maderables : la esquina de dos bosques / |
| Statement of responsibility |
Cristina Zapata |
| Title |
Cocuy : el Cocuy, en los limites del cielo / |
| Statement of responsibility |
Federico Rincón Mora -- |
| Title |
Perfiles : el sabio Valenzuela / |
| Statement of responsibility |
Ana María Cano -- |
| Title |
Guardianes de la humedad : Musgos y líquenes / |
| Statement of responsibility |
Poema de Walt Whitman -- |
| Title |
Estoraques : los Estoraques, el dominio del silencio / |
| Statement of responsibility |
Óscar Hernando Ocampo -- |
| Title |
Frutales : las que dan estas tierras / |
| Statement of responsibility |
Adriana Echeverry -- |
| Title |
Música : la herramienta del campo / |
| Statement of responsibility |
Úver Valencia -- |
| Title |
Pantanos : los pantanos de Arauca / |
| Statement of responsibility |
Luis Ernesto Quintana Barney -- |
| Title |
Perfiles : el sabio Hernández / |
| Statement of responsibility |
Ana María Cano -- |
| Title |
Páramos : las islas del cielo / |
| Statement of responsibility |
Ana Cristina Restrepo Jiménez -- |
| Title |
Catatumbo : Catatumbo, la belleza y la furia / |
| Statement of responsibility |
Fernando Quiroz -- |
| Title |
Artesanías : región con fibra / |
| Statement of responsibility |
Ana María Cano -- |
| Title |
Magdalena : un milagro en el Magdalena Centro / |
| Statement of responsibility |
Héctor Rincón -- |
| Title |
Pueblos : Gramalote, Guane, La uvita, San Joaquín / |
| Statement of responsibility |
Héctor Rincón -- |
| Title |
Mapa regional de parques nacionales : territorio Colombia viva / |
| Statement of responsibility |
Felipe Fetiva |
| 650 24 - SUBJECT ADDED ENTRY--TOPICAL TERM |
| Topical term or geographic name entry element |
Botánica |
| Geographic subdivision |
Caribe (Región, Colombia) |
| 9 (RLIN) |
13464 |
| 650 24 - SUBJECT ADDED ENTRY--TOPICAL TERM |
| Topical term or geographic name entry element |
Taxonomía vegetal |
| Geographic subdivision |
Caribe (Región, Colombia) |
| 9 (RLIN) |
13465 |
| 700 1# - ADDED ENTRY--PERSONAL NAME |
| Personal name |
Quiroz, Fernando, |
| Relator term |
autor |
| 9 (RLIN) |
7864 |
| 700 1# - ADDED ENTRY--PERSONAL NAME |
| Personal name |
Hernando Ocampo, Óscar, |
| Dates associated with a name |
autor |
| 9 (RLIN) |
13466 |
| 942 ## - ADDED ENTRY ELEMENTS (KOHA) |
| Source of classification or shelving scheme |
Dewey Decimal Classification |
| Koha item type |
Books |